Wszystkie drużyny z bajki "Supa Strikers" - Statystyki

Ogólne statystyki
  • Ten quiz został rozwiązany 86 razy
  • Średni wynik to 7 z 17
Statystyki odpowiedzi
nic Klub % Poprawnych
.. Niepokonani
90%
. Barka
65%
. Żelazne Czołgi
64%
. Hydra
57%
. Supa Strikers
52%
. Orion
51%
. Nakama
49%
. Azul
48%
. Technicali
48%
. Grimm
36%
. Sułtani
36%
. Colossus
30%
. Cosmos
29%
. Cognito
28%
. Palmentieri
26%
. Sa Ming United
17%
. Little Town
16%
Nie znaleziono quizów pasujących do podanych kryteriów
Rozkład punktacji
Procent ludzi z każdym wynikiem
Percentyl według liczby udzielonych odpowiedzi
Twoja historia wyników
Nie rozwiązałeś tego quizu